000 02582cam a22005174i 4500
003 PE-LiUPU
005 20250731172906.0
008 170125s2015 miu rb 001 0 eng
020 _a0802872689
020 _a9780802872685
035 _a(Sirsi) a166473
040 _aPE-LiUPU
_bspa
_cPE-LiUPU
_erda
049 _aPRUA
082 0 4 _a231.044
_bT4
_223
245 0 4 _aThe Trinity among the nations :
_bthe doctrine of God in the majority world /
_cedited by Gene L. Green, Stephen Pardue, K.K. Yeo.
264 1 _aGrand Rapids, Michigan :
_bEerdmans Publishing Company,
_c2015.
300 _avii, 174 páginas ;
_c23 Centímetros.
336 _atext
_2rdacontent
337 _aunmediated
_2rdamedia
338 _avolume
_2rdacarrier
490 0 _aMajority world theology series
504 _aBibliografía : páginas al final de cada tema.
504 _aÍndices : páginas 168-174.
505 0 _aIntroduction : Trinity 101 : kaleidoscopic views of God in the majority world / K. K. Yeo -- One God in Trinity and Trinity in unity / Gerald Bray -- Beyond "homoiousios" and "homoousios" : exploring North American indigenous concepts of the shalom unity of God / Randy S. Woodley -- The Trinity in Africa : trends and trajectories / Samuel Waje Kunhiyop -- The Trinity as gospel / Antonio González -- Learning to see Jesus with the eyes of the Spirit : the unlikely prophets of God's reign / C. Rosalee Velloso Ewell -- Asian reformulations of the Trinity : an evaluation / Natee Tanchanpongs -- Motherliness of God : a search for maternal aspects in Paul's theology / Atsuhiro Asano -- How to understand a biblical God in Chinese : toward a cross-cultural biblical hermeneutics / Zi Wang.
526 _aSEG42
526 _aSEG41
526 _aSEG40
526 _aSEG39
526 _aP94
526 _aP87
526 _aP86
526 _aP85
526 _aP77
526 _aP76
526 _aP35
650 0 _aReligiones.
650 0 _aTrinidad.
_93711
650 0 7 _aRELIGION/Teología Cristiana/General
_2bisacsh
910 _ajck
_bjvq
_cjck
_d20170125.
942 _2ddc
_cBOOK
949 _a231.044 T4
_wDEWEY
_c1
_i75605
_lCATALOGING
_mBUL
_p24.00
_r0
_sY
_tBOOK
_u25/01/17
_xPOSGRADO
_PP85
_o.STAFF. Colección Teología
_0compra
994 _aC0
_bPEPRU
596 _a1
999 _a231.044 T4
_wLC
_c15214
_i75605
_f2021-11-9
_g5
_lCCODEBUL1
_mBUL
_p24.00
_r0
_sY
_tBOOK
_u2017-1-25
_xTEOLOGIA
_PP85
_0COMPRA
_o.STAFF. Colección Teología
_d15214
980 _81
_gALBERTO SANCHEZ Responsable de Automatización